000 01122nam a22002777a 4500
005 20240424110043.0
008 170824b2005 -uk||||| |||| 00| 0 eng d
020 _a9780521605649
040 _aLB-BrCRDP
041 _aang
082 _aS-A1
_bPRO
100 1 _aProwse, Philip
245 1 0 _aDon't stop now !
260 _aUnited Kingdom
_bCambridge University Press
_c2005
300 _a32 p.
_b20 cm
490 _aCambridge English Readers
500 _aContents.
505 _a Cambridge English Readers is an exciting series of original fiction, specially written for learners of english. Graded into 7 levels - from starter to advanced – the stories in this series provide easy and enjoyable reading on a wide range of contemporary topics and themes.
520 _aKate and her father get a message : "Don't stop now ! " Stop what ? who is the message from ? Can Matt help ?
650 0 _aReading books
_9185
650 0 _aBeginner/Elementary level
_9204
650 0 _aThriller
_9188
650 0 _aLanguage Learning
_9135
856 _yclick here
_uwww.cambridge.org/readers
942 _2ddc
_cBK
999 _c18195
_d18195